|
|
|
|
| LEADER |
00000ny a22000003n 4500 |
| 005 |
20110511142622.0 |
| 008 |
811022c19819999oncqx p 0 a0eng |
| 010 |
|
|
|a 84645718
|z cn 81030315
|
| 016 |
|
|
|a 810303159
|
| 022 |
0 |
|
|a 0229-2548
|
| 035 |
|
|
|a 3057
|
| 040 |
|
|
|a NST
|d vLex
|
| 082 |
0 |
4 |
|a 328.71/005
|2 19
|
| 090 |
|
|
|c 1698
|d 1698
|
| 245 |
0 |
0 |
|a Canadian parliamentary review
|h [Recurso electrn̤ico]
|
| 256 |
|
|
|a Servicio en ln̕ea
|
| 260 |
|
|
|a Ottawa :
|b Regional Council, Commonwealth Parliamentary Association
|
| 310 |
|
|
|a Trimestral
|
| 506 |
1 |
|
|a Contenido solo disponible en los productos indicados
|d vLex Global
|d vLex Global (Academic Edition, excluding Law Schools)
|d vLex Global (Academic Edition, Law Schools)
|
| 650 |
0 |
4 |
|a Legislacin̤
|z Canad ̀
|x Publicaciones perid̤icas
|
| 650 |
0 |
4 |
|a Parlamentos
|z Canad ̀
|x Publicaciones perid̤icas
|
| 710 |
2 |
|
|a Commonwealth Parliamentary Association.
|b Canadian Regional Council
|
| 740 |
0 |
|
|a vLex Revista (Servicios en ln̕ea)
|
| 780 |
0 |
0 |
|t Canadian regional review.
|x 0707-0837
|
| 843 |
|
|
|a Electrn̤ica. Abierta
|
| 853 |
|
|
|8 1
|i (year)
|j (month)
|k (day)
|
| 856 |
4 |
0 |
|z Acceso restringido
|u http://vlex.com/account/login_ip?fuente_id=3057
|
| 942 |
|
|
|c REV
|
| 999 |
|
0 |
|a Legislative bodies
|z Canada
|v Periodicals.
|
| 999 |
|
0 |
|a Canada
|v Přiodiques.
|
| 999 |
|
0 |
|a Parlements
|z Canada
|v Přiodiques.
|